Źródła mineralne Szczawnicy - Statystyki

Ogólne statystyki
  • Ten quiz został rozwiązany 20 razy
    17 od ostatniego zresetowania
  • Średni wynik to 4 z 9
Statystyki odpowiedzi
L.p. Średnia mineralizacja g/l Źródło % Poprawnych
6. 4,0 Jan
92%
2. 11,0 Józef
77%
4. 4,5 Stefan
46%
9. 1,5 Wanda
46%
8. 1,5 Helena
38%
1. 27,0 Magdalena
38%
7. 3,0 Szymon
23%
3. 5,0 Józefina
15%
5. 4,0 Pitoniakówka
15%
Nie znaleziono quizów pasujących do podanych kryteriów
Rozkład punktacji
Procent ludzi z każdym wynikiem
Percentyl według liczby udzielonych odpowiedzi
Twoja historia wyników
Nie rozwiązałeś tego quizu od ostatniego zresetowania